El suicidio de la modernidad / (Record no. 58197)

MARC details
000 -LEADER
campo de control de longitud fija 00542nam a2200193 i 4500
001 - NÚMERO DE CONTROL
campo de control 58197
003 - IDENTIFICADOR DE NÚMERO DE CONTROL
campo de control ES-MaACL
007 - CAMPO FIJO DE DESCRIPCIÓN FÍSICA--INFORMACIÓN GENERAL
campo de control de longitud fija t|
008 - DATOS DE LONGITUD FIJA--INFORMACIÓN GENERAL
campo de control de longitud fija 031021s1984 sp ||||1| spa d
100 1# - ENTRADA PRINCIPAL--NOMBRE DE PERSONA
Nombre de persona Duque, Aquilino.
9 (RLIN) 46145
245 13 - MENCIÓN DEL TÍTULO
Título El suicidio de la modernidad /
Mención de responsabilidad, etc. Aquilino Duque.
250 ## - MENCION DE EDICION
Mención de edición [1ª ed.].
260 ## - PUBLICACIÓN, DISTRIBUCIÓN, ETC.
Lugar de publicación, distribución, etc. [Barcelona] :
Nombre del editor, distribuidor, etc. Bruguera,
Fecha de publicación, distribución, etc. [1984]
300 ## - DESCRIPCIÓN FÍSICA
Extensión 186 p. ;
Dimensiones 19 cm.
490 1# - MENCIÓN DE SERIE
Mención de serie Narradores de hoy ;
Designación de volumen o secuencia 92
830 0# - PUNTO DE ACCESO ADICIONAL DE SERIE-TÍTULO UNIFORME
Título uniforme Narradores de hoy ;
Designación de volumen o secuencia 92
9 (RLIN) 182895
852 ## - LOCALIZACIÓN
Ubicación ES-MaACL
Número de control de estantería L-7528
Sublocalización o colección R.108180
Holdings
Estatus retirado Estado de pérdida Estado de daño No para préstamo Biblioteca de origen Biblioteca actual Ubicación en estantería Fecha de adquisición Fuente de adquisición Total de préstamos Signatura topográfica completa Código de barras Visto por última vez Precio de reemplazo Tipo de ítem Koha
        Biblioteca del Ateneo de Madrid Biblioteca del Ateneo de Madrid Depósito 2 17/01/2008     L-7528 1061073 23/02/2023 23/02/2023 Libro impreso